000 00347nam a2200169Ia 4500
100 _aSierra/kathy/ Bates/Bert
650 _aJava
250 _a2
942 _cBK
366 _f17.5
654 _ajava
245 _aHead first java
260 _bOreilly
_aNew Delhi
_c2003
082 _a005.133/SIE
_bSIE
300 _a688
546 _aENGLISH
999 _c29812
_d29812